[Event "Lasker B 2018"]
[Site "?"]
[Date "2018.07.05"]
[Round "1.6"]
[White "Lewandowski, Witold"]
[Black "Gigola, Jacek"]
[Result "1-0"]
[BlackElo "1881"]
[WhiteElo "1444"]
[LiveChessVersion "1.4.8"]

1. e4 {[%clk 1:30:55]} e5 {[%clk 1:30:54]} 2. Nf3 {[%clk 1:31:11]} Nc6
{[%clk 1:31:17]} 3. Bc4 {[%clk 1:31:36]} Nf6 {[%clk 1:31:38]} 4. d3
{[%clk 1:31:55]} Bc5 {[%clk 1:31:54]} 5. c3 {[%clk 1:32:11]} d6 {[%clk 1:32:10]}
6. Bb3 {[%clk 1:32:36]} Bb6 {[%clk 1:28:35]} 7. O-O {[%clk 1:31:04]} O-O
{[%clk 1:27:00]} 8. Nbd2 {[%clk 1:26:30]} Be6 {[%clk 1:20:45]} 9. Bc2
{[%clk 1:26:08]} h6 {[%clk 1:09:10]} 10. h3 {[%clk 1:21:06]} Nh7 {[%clk 0:59:57]}
11. Re1 {[%clk 1:12:42]} Ne7 {[%clk 0:38:07]} 12. Nf1 {[%clk 1:08:09]} Ng6
{[%clk 0:32:11]} 13. Ng3 {[%clk 1:03:05]} Nh4 {[%clk 0:14:36]} 14. Be3
{[%clk 0:49:12]} Qf6 {[%clk 0:10:45]} 15. Nxh4 {[%clk 0:38:33]} Qxh4
{[%clk 0:11:13]} 16. Nf5 {[%clk 0:38:44]} Bxf5 {[%clk 0:04:02]} 17. exf5
{[%clk 0:38:58]} Rfe8 {[%clk 0:04:22]} 18. Qg4 {[%clk 0:36:19]} Qxg4
{[%clk 0:04:03]} 19. hxg4 {[%clk 0:36:39]} Nf6 {[%clk 0:02:52]} 20. f3
{[%clk 0:35:08]} Nd5 {[%clk 0:02:30]} 21. Bxb6 {[%clk 0:34:58]} axb6
{[%clk 0:02:51]} 22. Bb3 {[%clk 0:34:01]} Nf6 {[%clk 0:00:55]} 23. Kf2
{[%clk 0:31:08]} Kf8 {[%clk 0:01:08]} 24. d4 {[%clk 0:30:12]} exd4
{[%clk 0:01:16]} 25. cxd4 {[%clk 0:30:34]} c6 {[%clk 0:01:28]} 26. Rad1
{[%clk 0:23:29]} Rxe1 {[%clk 0:01:49]} 27. Rxe1 {[%clk 0:23:52]} d5
{[%clk 0:02:03]} 28. a3 {[%clk 0:22:46]} Re8 {[%clk 0:01:02]} 29. Re5
{[%clk 0:20:12]} Nd7 {[%clk 0:01:19]} 30. Rxe8+ {[%clk 0:18:33]} Kxe8
{[%clk 0:01:48]} 31. f4 {[%clk 0:18:40]} Nf6 {[%clk 0:01:51]} 32. Bd1
{[%clk 0:17:14]} Ne4+ {[%clk 0:01:39]} 33. Ke3 {[%clk 0:16:39]} f6
{[%clk 0:00:56]} 34. Bc2 {[%clk 0:14:24]} Nd6 {[%clk 0:01:25]} 35. b3
{[%clk 0:14:19]} b5 {[%clk 0:01:43]} 36. Kf3 {[%clk 0:12:04]} b6 {[%clk 0:01:47]}
37. g5 {[%clk 0:11:26]} c5 {[%clk 0:01:32]} 38. dxc5 {[%clk 0:10:45]} bxc5
{[%clk 0:02:00]} 39. gxh6 {[%clk 0:09:50]} gxh6 {[%clk 0:02:24]} 40. Kg4
{[%clk 0:10:14]} Kf7 {[%clk 0:02:45]} 41. Kh5 {[%clk 0:10:39]} Kg7
{[%clk 0:02:56]} 42. g4 {[%clk 0:09:00]} d4 {[%clk 0:03:06]} 43. a4
{[%clk 0:08:34]} bxa4 {[%clk 0:03:24]} 44. bxa4 {[%clk 0:08:55]} c4
{[%clk 0:01:26]} 45. a5 {[%clk 0:08:23]} d3 {[%clk 0:01:20]} 46. Bb1
{[%clk 0:08:28]} Nb5 {[%clk 0:00:53]} 47. a6 {[%clk 0:08:09]} Na7
{[%clk 0:00:37]} 48. g5 {[%clk 0:06:42]} hxg5 {[%clk 0:00:32]} 49. fxg5
{[%clk 0:07:03]} Nb5 {[%clk 0:00:35]} 50. g6 {[%clk 0:06:48]} Na7
{[%clk 0:00:36]} 51. Kg4 {[%clk 0:07:05]} Kf8 {[%clk 0:00:44]} 52. Kf4
{[%clk 0:07:08]} Nb5 {[%clk 0:00:32]} 53. Ke3 {[%clk 0:06:30]} Ke7
{[%clk 0:00:44]} 54. Bxd3 {[%clk 0:06:06]} cxd3 {[%clk 0:01:08]} 55. Kxd3
{[%clk 0:06:27]} Na7 {[%clk 0:00:32]} 56. Kc4 {[%clk 0:06:34]} Nc6
{[%clk 0:00:53]} 57. Kc5 {[%clk 0:05:47]} Na7 {[%clk 0:01:05]} 58. Kb6
{[%clk 0:05:24]} Nc8+ {[%clk 0:01:22]} 59. Kc7 {[%clk 0:04:56]} Nd6 1-0

[Event "Lasker B 2018"]
[Site "?"]
[Date "2018.07.05"]
[Round "1.3"]
[White "Czuchnicki, Adam"]
[Black "Krolik, Wladyslaw"]
[Result "1-0"]
[BlackElo "1639"]
[WhiteElo "1966"]
[LiveChessVersion "1.4.8"]

1. d4 {[%clk 1:30:53]} e6 {[%clk 1:30:43]} 2. c4 {[%clk 1:31:10]} d6
{[%clk 1:30:52]} 3. Nc3 {[%clk 1:31:18]} b6 {[%clk 1:30:45]} 4. e4
{[%clk 1:31:15]} Bb7 {[%clk 1:30:59]} 5. Nf3 {[%clk 1:30:13]} Nd7
{[%clk 1:30:45]} 6. Bd3 {[%clk 1:26:46]} Ne7 {[%clk 1:30:40]} 7. h4
{[%clk 1:26:03]} h6 {[%clk 1:28:47]} 8. h5 {[%clk 1:23:27]} Nc6 {[%clk 1:28:31]}
9. Be3 {[%clk 1:22:22]} a6 {[%clk 1:27:52]} 10. a3 {[%clk 1:20:50]} Qe7
{[%clk 1:27:02]} 11. b4 {[%clk 1:19:32]} a5 {[%clk 1:23:47]} 12. b5
{[%clk 1:13:54]} Na7 {[%clk 1:23:50]} 13. g4 {[%clk 1:08:29]} O-O-O
{[%clk 1:23:16]} 14. Qe2 {[%clk 1:03:16]} Kb8 {[%clk 1:22:12]} 15. Nh4
{[%clk 1:00:42]} Qf6 {[%clk 1:20:36]} 16. f4 {[%clk 0:58:51]} Nc5
{[%clk 1:20:32]} 17. Bc2 {[%clk 0:58:12]} Nd7 {[%clk 1:19:49]} 18. f5
{[%clk 0:51:30]} Re8 {[%clk 1:16:43]} 19. Nf3 {[%clk 0:46:28]} Qe7
{[%clk 1:13:43]} 20. fxe6 {[%clk 0:35:52]} Qxe6 {[%clk 1:12:58]} 21. Rg1
{[%clk 0:35:15]} Nc8 {[%clk 1:09:55]} 22. Kd2 {[%clk 0:30:01]} Nf6
{[%clk 1:09:35]} 23. d5 {[%clk 0:29:29]} Qe7 {[%clk 1:04:13]} 24. Nd4
{[%clk 0:28:46]} Nd7 {[%clk 1:02:59]} 25. Raf1 {[%clk 0:22:31]} Nc5
{[%clk 1:00:09]} 26. Nf5 {[%clk 0:21:29]} Qd7 {[%clk 0:59:39]} 27. Bd4
{[%clk 0:21:39]} Rg8 {[%clk 0:57:58]} 28. g5 {[%clk 0:21:57]} hxg5
{[%clk 0:56:47]} 29. Rxg5 {[%clk 0:22:25]} g6 {[%clk 0:56:49]} 30. h6
{[%clk 0:17:57]} Be7 {[%clk 0:56:46]} 31. Nxe7 {[%clk 0:18:09]} Qxe7
{[%clk 0:54:43]} 32. Bf6 {[%clk 0:18:25]} Qd7 {[%clk 0:53:29]} 33. h7
{[%clk 0:18:44]} Rh8 {[%clk 0:51:20]} 34. Qh2 {[%clk 0:18:34]} Ne7
{[%clk 0:49:23]} 35. Bxh8 {[%clk 0:18:47]} Rxh8 {[%clk 0:49:02]} 36. Rxf7
{[%clk 0:19:10]} Bc8 {[%clk 0:48:02]} 37. Qh6 {[%clk 0:17:15]} 1-0

[Event "Lasker B 2018"]
[Site "?"]
[Date "2018.07.05"]
[Round "1.2"]
[White "Koziorowicz, Michal"]
[Black "Swiderski, Radoslaw"]
[Result "0-1"]
[BlackElo "1983"]
[WhiteElo "1644"]
[LiveChessVersion "1.4.8"]

1. e4 {[%clk 1:30:57]} c5 {[%clk 1:30:59]} 2. Nf3 {[%clk 1:31:16]} d6
{[%clk 1:31:24]} 3. d3 {[%clk 1:31:37]} Nc6 {[%clk 1:31:44]} 4. g3
{[%clk 1:32:00]} g6 {[%clk 1:32:06]} 5. Bg2 {[%clk 1:32:18]} Bg7 {[%clk 1:32:34]}
6. O-O {[%clk 1:32:34]} e6 {[%clk 1:33:00]} 7. Nbd2 {[%clk 1:32:49]} Nge7
{[%clk 1:33:24]} 8. h4 {[%clk 1:31:32]} Rb8 {[%clk 1:30:43]} 9. Nh2
{[%clk 1:28:22]} b5 {[%clk 1:29:45]} 10. h5 {[%clk 1:23:44]} b4 {[%clk 1:26:00]}
11. Ndf3 {[%clk 1:05:53]} gxh5 {[%clk 1:21:50]} 12. Nh4 {[%clk 1:00:27]} Ng6
{[%clk 1:21:33]} 13. Qxh5 {[%clk 1:00:38]} Nxh4 {[%clk 1:21:48]} 14. gxh4
{[%clk 0:51:28]} Qf6 {[%clk 1:20:20]} 15. f4 {[%clk 0:45:38]} Qg6
{[%clk 1:20:04]} 16. Qd1 {[%clk 0:46:07]} Rg8 {[%clk 1:19:53]} 17. Kh1
{[%clk 0:36:56]} Bxb2 {[%clk 1:18:04]} 18. Rg1 {[%clk 0:34:56]} Bxa1
{[%clk 1:16:54]} 19. e5 {[%clk 0:35:18]} d5 {[%clk 1:15:50]} 20. Be3
{[%clk 0:35:17]} Bd4 {[%clk 1:16:12]} 21. Bxd5 {[%clk 0:35:29]} Qxg1+
{[%clk 1:16:35]} 22. Bxg1 {[%clk 0:35:43]} exd5 {[%clk 1:16:35]} 23. Bxd4
{[%clk 0:35:20]} Nxd4 {[%clk 1:16:56]} 24. Qh5 {[%clk 0:30:49]} Rb6
{[%clk 1:11:14]} 25. Nf1 {[%clk 0:19:58]} Rbg6 {[%clk 1:09:47]} 26. Ne3
{[%clk 0:20:21]} Rg3 {[%clk 1:10:06]} 0-1

[Event "Lasker B 2018"]
[Site "?"]
[Date "2018.07.05"]
[Round "1.1"]
[White "Gabka, Pawel"]
[Black "Jozwik, Jaroslaw"]
[Result "1-0"]
[WhiteElo "1989"]
[BlackElo "1680"]
[PlyCount "105"]
[EventDate "2018.??.??"]
[WhiteClock "0:08:08"]
[BlackClock "0:06:11"]

1. d4 Nf6 2. c4 g6 3. Nc3 Bg7 4. e4 d6 5. f3 O-O 6. Be3 a6 7. Bd3 Nbd7 8. Nge2
c5 9. Qd2 cxd4 10. Nxd4 Ne5 11. Be2 Bd7 12. O-O Rc8 13. b3 h5 14. h3 Kh7 15. g4
hxg4 16. hxg4 Rh8 17. Kg2 Kg8 18. Rh1 Qa5 19. Rxh8+ Bxh8 20. Rc1 Bxg4 21. fxg4
Nexg4 22. Nd5 Nxe3+ 23. Qxe3 Nxd5 24. exd5 Qxa2 25. Nf3 Qb2 26. Rf1 Qc3 27.
Qxe7 Bf6 28. Qxd6 Re8 29. Rf2 Kg7 30. Qf4 Qe3 31. Qxe3 Rxe3 32. Bd1 g5 33. Rd2
Bc3 34. Re2 Rxe2+ 35. Bxe2 g4 36. Ng5 Bb4 37. Bxg4 b5 38. Kf3 bxc4 39. bxc4 a5
40. Bd7 Kf6 41. Ne4+ Ke5 42. Ke3 f5 43. Ng5 Bc5+ 44. Kd3 Bb4 45. Ba4 Kf6 46.
Nf3 Bc5 47. Nd4 Bb6 48. Bd7 Ke5 49. Nxf5 a4 50. Kc3 Bc5 51. Ng3 a3 52. Kb3 Kd4
53. Bb5 1-0

[Event "Lasker B 2018"]
[Site "?"]
[Date "2018.07.07"]
[Round "7.1"]
[White "Raczykowska, Paulina"]
[Black "Swiderski, Radoslaw"]
[Result "1-0"]
[WhiteElo "1857"]
[BlackElo "1983"]
[PlyCount "89"]
[EventDate "2018.??.??"]
[WhiteClock "0:51:54"]
[BlackClock "0:01:11"]

1. e4 c5 2. Nf3 d6 3. d4 cxd4 4. Nxd4 Nf6 5. Nc3 Nc6 6. Be2 g6 7. Bg5 Bg7 8.
Nb3 h6 9. Bh4 O-O 10. O-O Be6 11. Re1 Ne5 12. Bxf6 Bxf6 13. Nd5 Bg7 14. c3 Rc8
15. Nd4 Bd7 16. Qb3 Nc6 17. Rad1 e6 18. Ne3 Nxd4 19. cxd4 Qc7 20. f4 d5 21. e5
Qa5 22. Ng4 h5 23. Nf6+ Bxf6 24. exf6 Qd8 25. Bxh5 Qxf6 26. Qg3 Rc4 27. Re5
Rfc8 28. h4 Rc1 29. Kh2 Kg7 30. Be2 Rxd1 31. Bxd1 Rh8 32. h5 Kf8 33. Kg1 gxh5
34. Bxh5 Qe7 35. Rg5 f6 36. Rg4 Qh7 37. Bg6 Qe7 38. Bh5 Qb4 39. f5 e5 40. Qh4
Qb6 41. Qg3 Rxh5 42. Rg8+ Ke7 43. Qg7+ Kd6 44. Qxf6+ Kc7 45. Qd8+ 1-0

[Event "Lasker B 2018"]
[Site "?"]
[Date "2018.07.07"]
[Round "7.2"]
[White "Czechowski, Jakub"]
[Black "Dzida, Kamil"]
[Result "0-1"]
[WhiteElo "1880"]
[BlackElo "1854"]
[PlyCount "54"]
[EventDate "2018.??.??"]
[WhiteClock "0:49:31"]
[BlackClock "0:25:18"]

1. d4 Nf6 2. c4 e6 3. Nc3 Bb4 4. e3 O-O 5. Bd3 d5 6. Nge2 dxc4 7. Bxc4 e5 8.
O-O exd4 9. exd4 Nc6 10. Bg5 h6 11. Bh4 Bd6 12. Qd2 Ne4 13. Nxe4 Bxh2+ 14. Kxh2
Qxh4+ 15. Kg1 Qxe4 16. Rad1 Bd7 17. Nc3 Qg6 18. Nd5 Rad8 19. Rfe1 Qd6 20. Nc3
a6 21. Ne4 Qg6 22. Qf4 Rfe8 23. f3 Bc8 24. Qxc7 Re7 25. Qb6 Bh3 26. Bf1 Red7
27. Re2 Nxd4 0-1

[Event "Lasker B 2018"]
[Site "?"]
[Date "2018.07.07"]
[Round "7.3"]
[White "Czuchnicki, Adam"]
[Black "Nadstoga, Wojciech"]
[Result "1/2-1/2"]
[WhiteElo "1966"]
[BlackElo "1933"]
[PlyCount "65"]
[EventDate "2018.??.??"]
[WhiteClock "0:06:20"]
[BlackClock "0:12:45"]

1. d4 Nf6 2. c4 g6 3. Nc3 Bg7 4. e4 d6 5. f4 O-O 6. Nf3 c5 7. d5 e6 8. Be2 exd5
9. cxd5 Re8 10. Nd2 h5 11. h3 Na6 12. O-O Bd7 13. g4 hxg4 14. hxg4 Nh7 15. Kg2
f5 16. gxf5 gxf5 17. Bh5 Nf6 18. Bg6 Ng4 19. Qf3 Nb4 20. Nc4 Qf6 21. exf5 Bxf5
22. Bxf5 Qxf5 23. Nxd6 Qc2+ 24. Kh3 Nh2 25. Qh5 Nxf1 26. Qf7+ Kh8 27. Nxe8 Qh2+
28. Kg4 Qg3+ 29. Kh5 Qh3+ 30. Kg5 Qg3+ 31. Kh5 Qf3+ 32. Kg5 Qg3+ 33. Kh5
1/2-1/2

[Event "Lasker B 2018"]
[Site "?"]
[Date "2018.07.07"]
[Round "7.6"]
[White "Mielke, Torsten"]
[Black "Gigola, Jacek"]
[Result "0-1"]
[WhiteElo "1716"]
[BlackElo "1881"]
[PlyCount "78"]
[EventDate "2018.??.??"]
[WhiteClock "0:03:49"]
[BlackClock "1:14:35"]

1. e4 e5 2. f4 exf4 3. Nf3 Nf6 4. e5 Nh5 5. d4 d5 6. Be2 Bg4 7. O-O Nc6 8. c3
Be7 9. Ne1 Bxe2 10. Qxe2 g6 11. Bxf4 Nxf4 12. Rxf4 Qd7 13. Nd3 Nd8 14. Nd2 Ne6
15. Raf1 Nxf4 16. Nxf4 O-O 17. Nf3 c6 18. h4 Qg4 19. Qe3 Bxh4 20. Nxh4 Qxh4 21.
g3 Qe7 22. Kg2 f6 23. Rh1 fxe5 24. dxe5 Qg5 25. Qd4 Rae8 26. e6 Rxf4 27. Qxf4
Qxf4 28. gxf4 Rxe6 29. Kf3 Kg7 30. Rd1 Re4 31. b3 b5 32. Rg1 Kf6 33. Rh1 h5 34.
Rg1 a5 35. a3 a4 36. b4 Rc4 37. Rc1 Kf5 38. Rc2 Rxf4+ 39. Ke3 g5 {Kd4} 0-1

[Event "Lasker B 2018"]
[Site "?"]
[Date "2018.07.07"]
[Round "7.7"]
[White "Twardowski, Hubert"]
[Black "Urbanowicz, Wojciech"]
[Result "1-0"]
[WhiteElo "1728"]
[BlackElo "1587"]
[PlyCount "53"]
[EventDate "2018.??.??"]
[WhiteClock "0:34:15"]
[BlackClock "0:19:39"]

1. e4 e5 2. Nf3 Nc6 3. d4 exd4 4. Bc4 Bc5 5. c3 Nge7 6. O-O dxc3 7. Ng5 Ne5 8.
Nxf7 Nxf7 9. Bxf7+ Kxf7 10. Qh5+ Ng6 11. Qd5+ Ke8 12. Qxc5 d6 13. Qxc3 Qe7 14.
Qc2 Rf8 15. f4 Bd7 16. Nc3 Bc6 17. Bd2 Kd7 18. b4 a6 19. a4 Rae8 20. Rac1 b6
21. Nd5 Bxd5 22. Qxc7+ Ke6 23. f5+ Kf6 24. fxg6+ Kxg6 25. Qxe7 Rxf1+ 26. Rxf1
Rxe7 27. exd5 1-0

[Event "Lasker B 2018"]
[Site "?"]
[Date "2018.07.07"]
[Round "7.8"]
[White "Siekanska, Zuzanna"]
[Black "Przysiecki, Kajetan"]
[Result "1-0"]
[WhiteElo "1395"]
[BlackElo "1771"]
[PlyCount "41"]
[EventDate "2018.??.??"]
[WhiteClock "0:49:40"]
[BlackClock "0:46:50"]

1. d4 Nf6 2. c4 g6 3. Nc3 d5 4. cxd5 Nxd5 5. e4 Nxc3 6. bxc3 Bg7 7. Qa4+ c6 8.
Bd2 O-O 9. Nf3 b5 10. Qa3 Bb7 11. Bd3 a6 12. O-O Nd7 13. Qc1 Re8 14. Bh6 Bh8
15. Ng5 e5 16. Qe3 exd4 17. cxd4 f6 18. Bxb5 Nb6 19. Qb3+ Nd5 20. exd5 cxd5 21.
Bxe8 1-0

[Event "Lasker B 2018"]
[Site "?"]
[Date "2018.07.07"]
[Round "7.9"]
[White "Majdanski, Maksymilian"]
[Black "Jozwik, Jaroslaw"]
[Result "1-0"]
[WhiteElo "1763"]
[BlackElo "1680"]
[PlyCount "95"]
[EventDate "2018.??.??"]
[WhiteClock "0:53:03"]
[BlackClock "0:12:34"]

1. c4 g6 2. Nc3 Bg7 3. g3 Nf6 4. Bg2 O-O 5. Nf3 d6 6. O-O e5 7. d3 Nc6 8. a3
Bg4 9. h3 Bd7 10. Bd2 Qc8 11. Kh2 Re8 12. Qc2 Nd4 13. Nxd4 exd4 14. Ne4 Nxe4
15. dxe4 c5 16. e3 f5 17. exd4 Bxd4 18. Rae1 fxe4 19. Bxe4 Bc6 20. Bd3 Qd7 21.
Bc3 Rxe1 22. Rxe1 Re8 23. Rxe8+ Qxe8 24. Bxd4 Qe1 25. Qb1 Qxb1 26. Bxb1 cxd4
27. f4 d5 28. cxd5 Bxd5 29. Kg1 Kf7 30. Kf2 Ke6 31. Ke2 Bg2 32. h4 a5 33. b4
axb4 34. axb4 Kd5 35. Ba2+ Ke4 36. Bg8 h6 37. Bf7 d3+ 38. Kd2 Kf5 39. Kxd3 g5
40. fxg5 hxg5 41. h5 Kf6 42. Bg6 g4 43. Be4 Bf1+ 44. Ke3 Kg5 45. Bxb7 Kxh5 46.
Bc6 Kg5 47. b5 Kf6 48. b6 1-0

[Event "Lasker B 2018"]
[Site "?"]
[Date "2018.07.07"]
[Round "7.10"]
[White "Bola, Zygmunt"]
[Black "Krolik, Wladyslaw"]
[Result "1/2-1/2"]
[WhiteElo "1703"]
[BlackElo "1639"]
[PlyCount "28"]
[EventDate "2018.??.??"]
[WhiteClock "1:22:26"]
[BlackClock "1:31:29"]

1. d4 e6 2. e3 b6 3. f4 Bb7 4. Nf3 g6 5. Nbd2 Bg7 6. Bd3 Ne7 7. Qe2 Nd5 8. a3
Nc6 9. O-O O-O 10. Ne4 Nf6 11. Neg5 a6 12. Bd2 Qe7 13. Rac1 h6 14. Nh3 Rfe8
1/2-1/2

[Event "Lasker B 2018"]
[Site "?"]
[Date "2018.07.07"]
[Round "7.12"]
[White "Sulima, Franciszek"]
[Black "Krzyszewski, Tomasz"]
[Result "0-1"]
[WhiteElo "1281"]
[BlackElo "1704"]
[PlyCount "70"]
[EventDate "2018.??.??"]
[WhiteClock "0:54:21"]
[BlackClock "0:32:12"]

1. e4 e5 2. Nf3 Nf6 3. Nxe5 d6 4. Nf3 Nxe4 5. Qe2 Qe7 6. d3 Nf6 7. Bg5 Qxe2+ 8.
Bxe2 Be7 9. Nc3 c6 10. O-O-O O-O 11. Ne4 Nxe4 12. dxe4 Bxg5+ 13. Nxg5 h6 14.
Nf3 d5 15. exd5 cxd5 16. Rxd5 Be6 17. Rd2 Nc6 18. Nd4 Nxd4 19. Rxd4 Rfc8 20. a3
Rc7 21. Rhd1 g6 22. Rd8+ Rxd8 23. Rxd8+ Kg7 24. Bd3 f5 25. Ra8 b6 26. Rb8 g5
27. Be2 Bd5 28. Bf3 Bxf3 29. gxf3 Kg6 30. Rd8 Kh5 31. Rd1 Kh4 32. Rg1 Kh3 33.
Kd2 Kxh2 34. Rg3 f4 35. Rg4 Rg7 0-1